000 00639nam a2200193 4500
999 _c189789
_d189789
005 20220713111658.0
010 _aENG-133499
020 _a9789382518631
_c300.00
035 _aEN-117031
037 _bDBAD/PUB
082 _aN
100 _aPathare,Rangnath
245 _aA Cry in the wilderness at a croweded square/
_cRangnath Pathare; tr Shreeprakash Adhikari
260 _aBhopal (Madhya Pradesh)
_bIndra Publishing House
_c2013
270 _aE-5/21, Arera Colony, Habib Ganj, Police Station Road
_bBhopal (Madhya Pradesh)
_e462016
300 _a272p.
_c21cm(pbk)
700 _aAdhikari, Shreeprakash
942 _2ddc
_cEN
_hN
_mPAT